Navires de la Marine nationale française de plus de 1000t - Statistiques

Statistiques générales
  • Ce quiz a été pris 559 fois
    193 depuis la dernière actualisation
  • Le résultat moyen est 19 sur 59
Statistiques - réponses
Déplacement Port d'attache Livraison Type de quiz Nom du navire % Correct
42 500 t Toulon 2000 PAN Charles de Gaulle
97%
21 500 t Toulon 2012 PHA Dixmude
76%
21 500 t Toulon 2007 PHA Tonnerre
72%
21 500 t Toulon 2006 PHA Mistral
64%
31 000 t Toulon 2023 BRF Jacques Chevallier
63%
6 278 t Brest 2018 FREMM Bretagne
62%
14 300 t L'Île Longue 1995 SNLE Le Triomphant
62%
14 300 t L'Île Longue 2009 SNLE Le Terrible
60%
6 278 t Brest 2012 FREMM Aquitaine
58%
5 300 t Toulon 2020 SNA Suffren
58%
6 278 t Toulon 2021 FREMM-DA Alsace
57%
6 278 t Toulon 2016 FREMM Languedoc
55%
6 278 t Brest 2019 FREMM Normandie
53%
6 278 t Toulon 2022 FREMM-DA Lorraine
52%
6 278 t Toulon 2015 FREMM Provence
52%
14 300 t L'Île Longue 1999 SNLE Le Téméraire
51%
3 800 t Toulon 1996 FLF La Fayette
50%
7 000 t Toulon 2009 FDA Chevalier Paul
45%
7 000 t Toulon 2008 FDA Forbin
45%
14 300 t L'Île Longue 2004 SNLE Le Vigilant
42%
6 278 t Brest 2017 FREMM Auvergne
38%
2 670 t Toulon 1992 SNA Perle
38%
21 000 t Brest 1992 BEM Monge
37%
17 500 t Brest 1987 BCR Somme
36%
2 670 t Toulon 1987 SNA Émeraude
34%
2 670 t Toulon 1989 SNA Améthyste
31%
2 950 t Fort-de-France 1993 FS Ventôse
31%
2 950 t Port-des-Galets 1992 FS Nivôse
30%
5 300 t Toulon 2023 SNA Duguay-Trouin
29%
2 950 t Port-des-Galets 1992 FS Floréal
29%
31 000 t Toulon 2025 BRF Jacques Stosskopf
29%
2 950 t Toulon 2018 BSAM Loire
29%
3 800 t Toulon 1999 FLF Aconit
27%
3 800 t Toulon 1997 FLF Courbet
27%
2 950 t Fort-de-France 1994 FS Germinal
26%
3 700 t Toulon 2001 FLF Guépratte
26%
3 700 t Toulon 1997 FLF Surcouf
26%
2 950 t Papeete 1992 FS Prairial
23%
2 950 t Brest 2020 BSAM Garonne
22%
2 950 t Nouméa 1993 FS Vendémiaire
22%
2 950 t Brest 2019 BSAM Rhône
21%
4 200 t Port-des-Galets 2017 PP Astrolabe
20%
2 950 t Toulon 2019 BSAM Seine
19%
3 600 t Brest 2006 BRE Dupuy-de-Lôme
16%
3 300 t Brest 2003 BHO Beautemps-Beaupré
10%
1 340 t Brest 1982 PHM Commandant Blaison
10%
1 340 t Toulon 1984 PHM Commandant Bouan
10%
1 340 t Brest 1982 PHM Enseigne de vaisseau Jacoubet
10%
2 300 t Fort-de-France 2020 BSAOM Dumont d'Urville
9%
1 300 t Nouméa 2022 POM Auguste Bénébig
7%
2 300 t Papeete 2016 BSAOM Bougainville
7%
1 600 t Toulon 2004 BSP Alizé
6%
1 340 t Toulon 1984 PHM Commandant Birot
6%
1 340 t Toulon 1983 PHM Commandant Ducuing
6%
1 300 t Papeete 2024 POM Teriieroo a Teriierooiterai
6%
2 300 t Nouméa 2016 BSAOM D'Entrecasteaux
5%
1 100 t Hyères 1987 CTS Gapeau
5%
2 300 t Port-des-Galets 2017 BSAOM Champlain
3%
1 100 t Port-des-Galets 1997 PSP Le Malin
3%
Aucun quiz correspondant
Distribution des résultats
% des personnes avec chaque résultat
Percentile par nombre de réponses
Votre historique - résultats
Vous n’avez pas pris ce quiz depuis la dernière actualisation